| 000 | 00882nam a2200265 i 4500 | ||
|---|---|---|---|
| 001 | 000007381 | ||
| 003 | DO-SdBNP | ||
| 005 | 20240110103330.0 | ||
| 007 | ta | ||
| 008 | 090908s2004 dr r 001 0 spa d | ||
| 020 | _a9993490660 | ||
| 040 |
_aDO-SdBNP _bspa _cBNPHU _erda |
||
| 082 | 4 |
_a923.7 _bL832p _222 |
|
| 100 | 1 |
_aLogroño, Arturo, _d1891-1949 _920516 _eautor |
|
| 245 | 1 | 0 |
_aPapeles de Arturo Logroño : _b(discursos, conferecias y artículos publicados) / _cArturo Logroño. |
| 264 |
_aSanto Domingo : _bSociedad Dominicana de Bibliófilos, _c2004. |
||
| 300 |
_a491 páginas ; _c23 cm. |
||
| 336 |
_2rdacontent _atexto _btxt |
||
| 337 |
_2rdamedia _asin mediación _bn |
||
| 338 |
_2rdacarrier _avolumen _bnc |
||
| 500 | _aIncluye datos biográficos | ||
| 500 | _aIncluye referencias bibliográficas | ||
| 650 | 4 |
_aLogroño, Arturo, _y1891-1949 _920517 |
|
| 942 |
_2ddc _cLBS1 |
||
| 999 |
_c7162 _d7162 |
||